Palabras de todo y nada / (Record no. 186280)

MARC details
000 -LEADER
campo de control de longitud fija 00945nam a2200241 i 4500
001 - NÚMERO DE CONTROL
campo de control 186280
003 - IDENTIFICADOR DE NÚMERO DE CONTROL
campo de control SpMaBN
005 - FECHA Y HORA DE LA ÚLTIMA TRANSACCIÓN
campo de control 20250824063059.0
008 - DATOS DE LONGITUD FIJA--INFORMACIÓN GENERAL
campo de control de longitud fija 161003s2002 sp |||| | spa d
020 ## - NÚMERO INTERNACIONAL ESTÁNDAR DEL LIBRO
Número Internacional Estándar del Libro 84-932437-1-X
080 ## - NÚMERO DE LA CLASIFICACIÓN DECIMAL UNIVERSAL
Número de la Clasificación Decimal Universal 821.134.2-82"19"
100 1# - ENTRADA PRINCIPAL--NOMBRE DE PERSONA
Nombre de persona Reol Tejada, Juan Manuel,
Fechas asociadas al nombre 1933-2008
9 (RLIN) 161024
245 10 - MENCIÓN DEL TÍTULO
Título Palabras de todo y nada /
Mención de responsabilidad, etc. Juan Manuel Reol Tejada.
260 ## - PUBLICACIÓN, DISTRIBUCIÓN, ETC.
Lugar de publicación, distribución, etc. [Madrid] :
Nombre del editor, distribuidor, etc. Asociación Española de Farmacéuticos de Letras y Artes,
Fecha de publicación, distribución, etc. [2002]
300 ## - DESCRIPCIÓN FÍSICA
Extensión 181 p. ;
Dimensiones 21 cm.
490 1# - MENCIÓN DE SERIE
Mención de serie Colección Pharma-ki ;
Designación de volumen o secuencia 1
505 8# - NOTA DE CONTENIDO CON FORMATO
Nota de contenido con formato Contiene: ;
Título José Rodríguez Carracido: el Ateneo y la ciencia española ;
-- La dimensión humanista de la farmacia
710 2# - ENTRADA AGREGADA--NOMBRE DE ENTIDAD CORPORATIVA
Nombre de entidad corporativa o nombre de jurisdicción como elemento de entrada Asociación Española de Farmacéuticos de Letras y Artes.
9 (RLIN) 161025
830 0# - PUNTO DE ACCESO ADICIONAL DE SERIE-TÍTULO UNIFORME
Título uniforme Colección Pharma-ki ;
Designación de volumen o secuencia 1
9 (RLIN) 192513
852 ## - LOCALIZACIÓN
Ubicación ES-MaACL
Número de control de estantería A-13896
itemnumber 193335
Sublocalización o colección R.151143
Ubicación en estantería Depósito 1
Signatura antigua Olim: N-6896
942 ## - ELEMENTOS DE ENTRADA SECUNDARIOS (KOHA)
Fuente del sistema de clasificación o colocación Clasificación decimal universal
Holdings
Estatus retirado Estado de pérdida Fuente del sistema de clasificación o colocación Estado de daño No para préstamo Biblioteca de origen Biblioteca actual Ubicación en estantería Fecha de adquisición Fuente de adquisición Total de préstamos Signatura topográfica completa Código de barras Visto por última vez Precio de reemplazo Tipo de ítem Koha
    Clasificación decimal universal     Biblioteca del Ateneo de Madrid Biblioteca del Ateneo de Madrid Depósito 1 03/10/2016 Donación   A-13896 1196412 23/02/2023 23/02/2023 Libro impreso